Statistics for Countries By Number Of Mammal Species

Click here to take the quiz!

General Stats

  • This quiz has been taken 30 times
  • The average score is 13 of 15

Answer Stats

HintAnswer% Correct
551Brazil
100%
648China
100%
523Mexico
96%
440United States
96%
412India
93%
374Argentina
89%
442Colombia
89%
430Democratic Republic of The Congo
89%
670Indonesia
89%
467Peru
89%
363Venezuela
82%
376Kenya
79%
359Tanzania
79%
363Bolivia
75%
372Ecuador
71%

Score Distribution

Percentile by Number Answered

Percent of People with Each Score

Your Score History

You have not taken this quiz